常用漢字表付表の読み - Statistics

General Stats
  • This quiz has been taken 950 times
  • The average score is 98 of 116
Answer Stats
level kanji yomi % Correct
小学校 一人 ひとり
99%
小学校 下手 へた
97%
小学校 果物 くだもの
97%
小学校 眼鏡 めがね
96%
小学校 兄さん にいさん
96%
小学校 景色 けしき
96%
小学校 河原 川原 かわら
95%
小学校 今朝 けさ
95%
小学校 今日 きょう
95%
小学校 今年 ことし
95%
小学校 昨日 きのう
95%
小学校 時計 とけい
95%
小学校 手伝う てつだう
95%
小学校 上手 じょうず
95%
小学校 一日 ついたち
94%
小学校 姉さん ねえさん
94%
小学校 七夕 たなばた
94%
小学校 真面目 まじめ
94%
小学校 大人 おとな
94%
小学校 二人 ふたり
94%
小学校 八百屋 やおや
94%
小学校 部屋 へや
94%
小学校 真っ青 まっさお
93%
小学校 真っ赤 まっか
93%
小学校 清水 しみず
93%
小学校 二十日 はつか
93%
小学校 二日 ふつか
93%
小学校 博士 はかせ
93%
小学校 父さん とうさん
93%
小学校 母さん かあさん
93%
小学校 迷子 まいご
93%
小学校 友達 ともだち
93%
中学校 お巡りさん おまわりさん
92%
中学校 乙女 おとめ
92%
小学校 明日 あす
91%
中学校 笑顔 えがお
91%
中学校 息子 むすこ
91%
中学校 大和 やまと
91%
中学校 田舎 いなか
91%
中学校 風邪 かぜ
91%
中学校 行方 ゆくえ
90%
中学校 三味線 しゃみせん
90%
中学校 叔父 伯父 おじ
90%
中学校 叔母 伯母 おば
90%
中学校 心地 ここち
90%
中学校 吹雪 ふぶき
90%
中学校 相撲 すもう
90%
中学校 土産 みやげ
90%
中学校 二十 二十歳 はたち
90%
中学校 弥生 やよい
90%
中学校 砂利 じゃり
89%
中学校 最寄り もより
89%
中学校 芝生 しばふ
89%
中学校 小豆 あずき
89%
中学校 尻尾 しっぽ
89%
中学校 日和 ひより
89%
中学校 梅雨 つゆ
89%
中学校 白髪 しらが
89%
中学校 硫黄 いおう
89%
中学校 仮名 かな
88%
中学校 紅葉 もみじ
88%
中学校 雪崩 なだれ
88%
中学校 早苗 さなえ
88%
中学校 名残 なごり
88%
高校 雑魚 ざこ
88%
高校 神楽 かぐら
88%
高校 素人 しろうと
88%
高校 浮気 うわき
88%
高校 野良 のら
88%
高校 浴衣 ゆかた
88%
中学校 時雨 しぐれ
87%
中学校 早乙女 さおとめ
87%
中学校 太刀 たち
87%
中学校 凸凹 でこぼこ
87%
高校 海女 海士 あま
87%
高校 八百長 やおちょう
87%
中学校 為替 かわせ
86%
中学校 五月雨 さみだれ
86%
中学校 差し支える さしつかえる
86%
中学校 草履 ぞうり
86%
中学校 鍛冶 かじ
86%
中学校 木綿 もめん
86%
中学校 老舗 しにせ
86%
高校 師走 しわす
86%
中学校 海原 うなばら
85%
中学校 五月 さつき
85%
中学校 立ち退く たちのく
85%
高校 猛者 もさ
85%
中学校 竹刀 しない
84%
高校 玄人 くろうと
84%
高校 息吹 いぶき
84%
中学校 意気地 いくじ
82%
中学校 若人 わこうど
82%
中学校 足袋 たび
82%
中学校 浮つく うわつく
81%
中学校 固唾 かたず
80%
高校 蚊帳 かや
80%
高校 数珠 じゅず
80%
中学校 波止場 はとば
79%
高校 寄席 よせ
76%
高校 仲人 なこうど
76%
中学校 乳母 うば
75%
高校 母屋 母家 おもや
73%
高校 山車 だし
72%
高校 稚児 ちご
65%
高校 数寄屋 数奇屋 すきや
61%
高校 お神酒 おみき
59%
高校 祝詞 のりと
58%
高校 河岸 かし
46%
高校 投網 とあみ
44%
高校 築山 つきやま
43%
高校 読経 どきょう
42%
高校 伝馬船 てんません
34%
高校 十重二十重 とえはたえ
32%
高校 桟敷 さじき
30%
高校 居士 こじ
29%
No matching quizzes found
Score Distribution
Percent of People with Each Score
Percentile by Number Answered
Your Score History
You have not taken this quiz